Monster Factory Creations - Statistics

General Stats
  • This quiz has been taken 15 times
    14 since last reset
  • The average score is 35 of 54
Answer Stats
Game Monster % Correct
WWE 2K14 Christopher Christopher "The Pebble" Christopher Christopher
100%
Second Life The Boy-Mayor of Second Life
100%
Black Desert Online Borth Sampson
88%
Oblivion Chiquita Dave
88%
The Sims 4 Cousin SpecialAgent
88%
The Sims 4 Dark Vader
88%
The Sims 4 DayTrader Vader
88%
Tiger Woods '08 Daz
88%
Fallout 3 D-Bomb
88%
Spore JAA'M
88%
Dragon's Dogma Panpan
88%
Dragon's Dogma Randyjohnson
88%
Spore Shreck The Movie
88%
Dark Souls 2 Squirtle
88%
Blade & Soul Succotash
88%
Fallout 4 The Final Pam
88%
Dark Souls 3 The Junker
88%
Second Life Totino's
88%
Mass Effect 2 Truck Shepard
88%
Wii Sports Resort DickCheney
75%
Dragon Age Inquisition DJ Slime Time
75%
Skyrim G.A.R.F.I.E.L.D.
75%
NBA 2K17 Gordan "Stang" Summers
75%
Soul Calibur 5 Mëlissa
75%
Dark Souls #NOID
75%
Blade & Soul Rat Baby
75%
Bloodborne Toucan Dan
75%
Fallout 4 Trash Hulk
75%
Wii Sports Resort Turbovicki
75%
THUG Pro Zeke Teenweed
75%
Spore Buzzbo, The Bee Movie
63%
Final Fantasy 14 Cid Finalfantasy
63%
Ark: Survival Evolved Dino-Lansbury
63%
Soul Caliber VI Dr. Sexgun
63%
Monster Hunter: World Halo 666
63%
Conan Exiles Jefferson Tallpipe
63%
WWE 2k16 Jorstin "Justin "Rude Boy" Man"
63%
Champions Online Knife Dad
63%
The Sims 4 Todd Coolbody
63%
WWE 2K18 Arby "The Meathead" McDonald
50%
Don Bradman Cricket 14 Jim "Captain Cool" Johnman
50%
THUG Pro Tony Hawk????
50%
Everybody's Golf Garretttttttttttttt
38%
Saints Row: The Third Trüllbus the Crime Eater
38%
Phantasy Star Online 2 Adult Cool
25%
Skyrim Chomp Mom
25%
Spore Donkey
25%
Skyrim Jerry Potter
25%
Skyrim Snakel from Frands
25%
Skyrim The Pink Man
25%
Skyrim The Real Boogerman
25%
Super Mario Bros. Maker Guigi
0%
Super Mario Bros. Maker Rario
0%
Super Mario Bros. Maker Wamuigi
0%
No matching quizzes found
Score Distribution
Percent of People with Each Score
Percentile by Number Answered
Your Score History
You have not taken this quiz since the last reset